Statistics for 2023: NFL Teams with the Least Points

Click here to take the quiz!

General Stats

  • This quiz has been taken 33 times
  • The average score is 9 of 10

Answer Stats

Number of pointsNFL Team% Correct
236Carolina Panthers
100%
330Arizona Cardinals
93%
236New England Patriots
93%
268New York Jets
93%
329Washington Commanders
93%
305Tennessee Titans
89%
321Atlanta Falcons
86%
332Las Vegas Raiders
86%
266New York Giants
86%
304Pittsburgh Steelers
86%

Score Distribution

Percentile by Number Answered

Percent of People with Each Score

Your Score History

You have not taken this quiz